000 00594cam a2200145 4500500
005 20260201151511.0
041 _afre
042 _adc
100 1 0 _aLévi, Jean
_eauthor
245 0 0 _aMark Edward Lewis, Writing and Authority in Early China, Albany, State University of New York Press, 1999, 544 p., bibl., index, (« SUNY Series in Chinese Philosophy and Culture »)
260 _c2001.
500 _a15
786 0 _nL'Homme | 158-159 | 2 | 2001-09-01 | p. 383ze-488ze | 0439-4216
856 4 1 _uhttps://shs.cairn.info/revue-l-homme-2001-2-page-383ze?lang=fr&redirect-ssocas=7080
999 _c1643065
_d1643065